Types of Goomba - Statistics

General Stats
  • This quiz has been taken 17 times
  • The average score is 33 of 120
Answer Stats
Game of origin Answer % Correct
Super Mario Bros.: The Lost Levels Goomba
100%
Super Mario Bros. Little Goomba
100%
Mario & Luigi: Paper Jam Paper Goomba
100%
Super Mario World Flying Goomba
77%
Mario & Luigi: Paper Jam Paper Paragoomba
77%
Super Mario Bros. 3 Para-Goomba
77%
Paper Mario Paragoomba
77%
Super Smash Bros. Brawl Giant Goomba
69%
Paper Mario: The Thousand-Year Door Goombella
69%
Super Mario Bros. 3 Grand Goomba
69%
New Super Mario Bros. Mega Goomba
69%
Paper Mario Gooma
62%
Super Mario 64 Goombette
62%
Super Mario Galaxy Micro Goomba
62%
New Super Mario Bros. Mini Goomba
62%
Paper Mario Spiked Goomba
62%
Paper Mario: The Thousand-Year Door Spiky Goomba
62%
Super Paper Mario Dark Goomba
54%
Super Mario World Galoomba
54%
Paper Mario Gloomba
54%
Mario & Luigi: Dream Team Goomba R
54%
Super Mario Land Goombo
54%
Paper Mario Goompa
54%
Paper Mario: The Origami King Origami Goomba
54%
Paper Mario Red Goomba
54%
Paper Mario Blue Goomba
46%
Paper Mario Goomama
46%
Paper Mario Goombaria
46%
Paper Mario Goombario
46%
Super Mario 64 DS Goomboss
46%
Paper Mario Goompapa
46%
Paper Mario Hyper Goomba
46%
Super Mario Bros. 3 Kuribo's Goomba
46%
Mario Party 8 Captain Goomba
38%
Paper Mario Goomba King
38%
New Super Mario Bros. U Goombrat
38%
Paper Mario Hyper Paragoomba
38%
Paper Mario Paragloomba
38%
Paper Mario: Sticker Star Shiny Goomba
38%
Paper Mario: The Thousand-Year Door Hyper Spiky Goomba
31%
Super Princess Peach Mad Goomba
31%
Paper Mario: Sticker Star Megasparkle Goomba
31%
Paper Mario: Sticker Star Paper-Cone Goomba
31%
Super Mario Maker Shoe Goomba
31%
Paper Mario Spiked Gloomba
31%
Paper Mario: The Thousand-Year Door Spiky Gloomba
31%
Super Mario 3D Land Tail Goomba
31%
Paper Mario: Sticker Star 2-Fold Goomba
23%
Super Mario 3D World Cat Goomba
23%
Super Paper Mario Dark Headbonk Goomba
23%
Mario & Luigi: Dream Team Dreamy Goomba
23%
Super Mario RPG: Legend of the Seven Stars Gold Goomba
23%
Super Paper Mario Headbonk Goomba
23%
Paper Mario: The Origami King Paper Macho Goomba
23%
Paper Mario: The Origami King Paper Macho Mummy Goomba
23%
Mario Party 8 Pirate Goomba
23%
Paper Mario: The Thousand-Year Door Professor Frankly
23%
Super Princess Peach Sad Goomba
23%
Paper Mario: Sticker Star 5-Fold Paragoomba
15%
Paper Mario: Color Splash Accordion Goombas
15%
Super Mario Land 2: 6 Golden Coins Aqua Goomba
15%
Mario & Luigi: Bowser's Inside Story Choomba
15%
Mario & Luigi: Bowser's Inside Story Chuboomba
15%
Super Paper Mario Dark Spiked Goomba
15%
Dr. Mario World Dr. Goomba Tower
15%
Super Mario Land 2: 6 Golden Coins Ghost Goomba
15%
Super Mario Bros. Wonder Goomba Mario
15%
Super Mario 3D Land Goomba Tower
15%
Paper Mario: Sticker Star Goomba Wheel
15%
Super Mario Galaxy Goombeetle
15%
Paper Mario: The Thousand-Year Door (Switch) Goomboard
15%
Mario & Luigi: Bowser's Inside Story Goombule
15%
Mario & Luigi: Superstar Saga Goomdiver
15%
Mario & Luigi: Superstar Saga Gritty Goomba
15%
Paper Mario: Sticker Star Mural Goomba
15%
Mario & Luigi: Bowser's Inside Story Private Goomp
15%
Paper Mario: Sticker Star Shiny Paragoomba
15%
Paper Mario: Color Splash Small Goomba Wheel
15%
Mario & Luigi: Superstar Saga Tanoomba
15%
Hotel Mario Bellhop Goomba
8%
Super Mario 3D World Big Galoomba
8%
Super Mario 3D Land Big Tail Goomba
8%
New Super Mario Bros. 2 Bone Goomba
8%
Mario & Luigi: Superstar Saga + Bowser's Minions Dark Private Goomp
8%
Mario & Luigi: Dream Team Dromba
8%
Mario & Luigi: Bowser's Inside Story Elite Goombule
8%
Mario & Luigi: Superstar Saga + Bowser's Minions Elite Gritty Goomba
8%
Mario & Luigi: Brothership Glohm Goomba
8%
New Super Mario Bros. 2 Gold Goomba Tower
8%
New Super Mario Bros. 2 Gold Mini Goomba
8%
New Super Mario Bros. 2 Gold Paragoomba
8%
Super Mario Maker 2 Goombud
8%
Mario & Luigi: Dream Team Gromba
8%
New Super Mario Bros. Wii Hefty Goomba
8%
Super Mario Galaxy 2 Jack O'Goomba
8%
Super Mario Run Kodeka Kakibō
8%
Super Mario Bros. 3 Pile Driver Micro-Goomba
8%
New Super Mario Bros. Wii Prickly Goomba
8%
Super Mario Galaxy Pumpkinhead Goomba
8%
Paper Mario: Sticker Star Shiny-Cone Goomba
8%
Paper Mario: Color Splash Small Goomba Gang
8%
Super Mario Maker Stiletto Goomba
8%
Mario & Luigi: Partners in Time Tashrooba
8%
Mario + Rabbids Sparks of Hope Armored Goomba
0%
Super Mario Galaxy 2 Big Paragoomba
0%
Mario & Luigi: Paper Jam Crinkle Goomba
0%
Mario Party 8 Goomba Idol
0%
Super Mario RPG: Legend of the Seven Stars Gu Goomba
0%
Super Mario 3D World Innertube Goomba
0%
Super Mario Land 2: 6 Golden Coins Masked Ghoul
0%
Super Mario Bros. 3 Mugger Micro-Goomba
0%
Mario & Luigi: Paper Jam Papercraft Megacrinkle Goomba
0%
Paper Mario: The Origami King Paper Macho Goomba Outlaw
0%
Super Mario RPG Pro Goomba
0%
Super Mario Bros. 3 Red Para-Goomba
0%
Hotel Mario Rhinestone Goomba
0%
Mario & Luigi: Partners in Time Shrooblet
0%
Super Mario 3D World Skating Goomba
0%
Mario & Luigi: Dream Team Sub-Goomba
0%
Mario & Luigi: Dream Team Sub-Goomba X
0%
No matching quizzes found
Score Distribution
Percent of People with Each Score
Percentile by Number Answered
Your Score History
You have not taken this quiz